000 01575nam0a22003251 4500
001 v19\rc\1605995
005 20061002113922.3
035 _a(NLR Aleph) 004727373
090 _a4416177
_c4416177
100 _a20061002d1896 |||y0rusy50 ca
101 0 _arus
102 _aRU
105 _aa z |||||
200 1 _aПатолого-анатомические изменения некоторых периферических нервных узлов при голодании
_eИзменения gangl. nodosi n. vagi, gangl. cervicalis superioris n. symprathici, gangl. coeliaci и автомат. нерв. узлов сердца
_e(Эксперим. исслед.)
_eДис. на степ. д-ра мед. С.Н. Успенского
210 _aСанкт-Петербург
_cтип. М.М. Стасюлевича
_d1896
215 _a[2], 108 с., 2 л. ил.
225 1 _aСерия докторских диссертаций, допущенных к защите в Военно-медицинской академии в 1895-96 учебном году
_v№ 99
316 _aЭкз. РНБ (131/1781): с автогр. авт.
_5NLR: 131/1781
320 _aБиблиогр.: с. 97-103
700 1 _aУспенский
_bС. Н.
_f1861-1909
_gСергей Николаевич
801 0 _aRU
_bNLR
_gpsbo
801 0 _aRU
_bRuMoRGB
_2psbo
801 1 _aRU
_bProSoft-M
_2rusmarc
852 _aNLR
_j18.309.6.928
852 _aNLR
_j131/1781
899 _aRuMoRGB
_jS 20/693
899 _aRuMoRGB
_jS 12/602
899 _aБАН
942 _cBOOK
980 _aNB